000 00910nam a22002537a 4500
003 DO-SdBNP
005 20220314094132.0
007 ta
008 210531e2017 dr a0| ereng d 1sp spa
020 _a9789945089400
040 _aDO-SdBNP
_bspa
_cBNPHU
082 4 _aRD861.5
_bM181L
_222
100 1 _aMadera, Johanny,
_d1989-
_978711
245 1 0 _aLlamas & cenizas :
_bpoemas y textos de amor /
_cJohanny Madera ; prólogo Alberto Vásquez Díaz.
260 _aSantiago, Republica Dominicana :
_bCorniel by Ducor Investment,
_c2017
300 _a81 p. :
_bil.
_c23 cm.
500 _aIncluye datos biográficos de la autora en la solapa de la cubierta.
590 _aInventariado, 2021 /LP
650 4 _aPoesía dominicana
650 4 _aLiteratura dominicana
700 1 _aVásquez Díaz, Alberto,
_epról.
_977806
910 _aLopérez. Validado. Control de calidad MFF/2022
942 _2ddc
_cLBS1
999 _c49863
_d49863